00622nam a22001937a 4500003000900000008004100009040007100050082002400121100002000145245003400165260004500199300002800244440003000272505003300302650002100335650002300356650001100379700003800390AR-CdUCM190522b ||||| |||| 00| 0 spa d aMUNICIPALIDAD PROVINCIAL DEL CUSCOcBIBLIOTECA MUNICIPAL DEL CUSCO 22eda828.82 /bD548 aDickens, Carlos aAlmacén de antigüedades / aBuenos Aires :bSopena Argentina,c1946. a254 páginas ;c23 cm. aBiblioteca mundial sopena aContenido: Novelas inglesas. aNovelas inglesas aLiteratura europea aNovela aCalderon, Mauricio (traducción)